5HLuxD.jpg

KING HENRY VIII SENIOR AND PRIMARY SCHOOL LIBRARY OPAC

We visit Cambodia / (Record no. 1953)

000 -LEADER
fixed length control field 01291cam a2200337 i 4500
001 - CONTROL NUMBER
control field 17861346
003 - CONTROL NUMBER IDENTIFIER
control field OSt
005 - DATE AND TIME OF LATEST TRANSACTION
control field 20230220150842.0
008 - FIXED-LENGTH DATA ELEMENTS--GENERAL INFORMATION
fixed length control field 130822s2014 deuab j b 001 0 eng
010 ## - LIBRARY OF CONGRESS CONTROL NUMBER
LC control number 2013033970
020 ## - INTERNATIONAL STANDARD BOOK NUMBER
International Standard Book Number 9781612284750
040 ## - CATALOGING SOURCE
Original cataloging agency DLC
Language of cataloging eng
Transcribing agency DLC
Description conventions rda
042 ## - AUTHENTICATION CODE
Authentication code pcc
043 ## - GEOGRAPHIC AREA CODE
Geographic area code a-cb---
082 00 - DEWEY DECIMAL CLASSIFICATION NUMBER
Classification number 959.6 ONE
Edition number 23
100 1# - MAIN ENTRY--PERSONAL NAME
Personal name O'Neal, Claire.
Relator term author
245 10 - TITLE STATEMENT
Title We visit Cambodia /
Statement of responsibility, etc. Claire O'Neal.
246 3# - VARYING FORM OF TITLE
Title proper/short title Cambodia
264 #1 - PRODUCTION, PUBLICATION, DISTRIBUTION, MANUFACTURE, AND COPYRIGHT NOTICE
Place of production, publication, distribution, manufacture Hockessin, Delaware :
Name of producer, publisher, distributor, manufacturer Mitchell Lane Publishers,
Date of production, publication, distribution, manufacture, or copyright notice [2014]
300 ## - PHYSICAL DESCRIPTION
Extent 63 pages :
Other physical details illustrations, maps ;
Dimensions 25 cm.
336 ## - CONTENT TYPE
Content type term text
Source rdacontent
337 ## - MEDIA TYPE
Media type term unmediated
Source rdamedia
338 ## - CARRIER TYPE
Carrier type term volume
Source rdacarrier
490 0# - SERIES STATEMENT
Series statement Your land and my land: Asia
504 ## - BIBLIOGRAPHY, ETC. NOTE
Bibliography, etc. note Includes bibliographical references and index.
505 0# - FORMATTED CONTENTS NOTE
Formatted contents note The people of the Naga -- Geography -- Ancient history to independence -- Modern history -- Government and politics -- Resources and jobs -- Religion and holidays -- Language and learning -- Famous Cambodians -- We visit Cambodia.
651 #0 - SUBJECT ADDED ENTRY--GEOGRAPHIC NAME
Geographic name Cambodia
Form subdivision Juvenile literature.
906 ## - LOCAL DATA ELEMENT F, LDF (RLIN)
a 7
b cbc
c orignew
d 1
e ecip
f 20
g y-gencatlg
942 ## - ADDED ENTRY ELEMENTS (KOHA)
Source of classification or shelving scheme
Koha item type Books - Non Ficton
Holdings
Withdrawn status Lost status Source of classification or shelving scheme Damaged status Not for loan Collection code Permanent Location Current Location Shelving location Date acquired Total Checkouts Full call number Barcode Date last seen Date last checked out Price effective from Koha item type
          Non-Fiction KH8 Primary School Library KH8 Primary School Library Non Fiction 2023-02-20 1 959.6 ONE KHPL000003670 2025-12-05 2023-09-21 2023-02-20 Books - Non Ficton

Powered By KH8 IT Dept